[Event "52nd World Juniors 2013"]
[Site "Kocaeli TUR"]
[Date "2013.09.19"]
[Round "7.40"]
[White "Franklin, Samuel G A"]
[Black "Du Plessis, Heinco"]
[Result "1-0"]
[WhiteTitle "FM"]
[WhiteElo "2353"]
[BlackElo "2050"]
[WhiteFideId "468576"]
[BlackFideId "14306263"]
[EventDate "2013.09.13"]

1. e4 c5 2. Nf3 d6 3. d4 cxd4 4. Nxd4 Nf6 5. Nc3 a6 6. f3 e5 7. Nb3 Be6 8. Be3
Nbd7 9. Qd2 h5 10. a4 Be7 11. Be2 Rc8 12. a5 h4 13. O-O Qc7 14. Rfd1 O-O 15.
Rac1 Rfe8 16. Nd5 Nxd5 17. exd5 Bf5 18. c4 Red8 19. Na1 e4 20. fxe4 Bxe4 21. h3
Bf6 22. b4 Re8 23. Nb3 Qd8 24. Bf1 Qe7 25. Re1 Bg6 26. Bf4 Ne5 27. c5 Qd7 28. c6
Qc7 29. Be3 b5 30. axb6 1-0

[Event "52nd World Juniors 2013"]
[Site "Kocaeli TUR"]
[Date "2013.09.19"]
[Round "7.42"]
[White "Tomazini, Aljosa"]
[Black "Temizkan, Denizcan"]
[Result "1-0"]
[WhiteTitle "FM"]
[WhiteElo "2251"]
[BlackElo "1921"]
[WhiteFideId "14608154"]
[BlackFideId "6325157"]
[EventDate "2013.09.13"]

1. d4 d5 2. Nf3 Nf6 3. c4 c6 4. e3 e6 5. b3 Nbd7 6. Bb2 Bd6 7. Bd3 O-O 8. Nbd2
b6 9. O-O Bb7 10. Ne5 c5 11. f4 Ne4 12. cxd5 exd5 13. Nxe4 dxe4 14. Bc4 Qe7 15.
Nxd7 Qxd7 16. dxc5 bxc5 17. Qh5 Kh8 18. Rad1 f6 19. g4 Qe7 20. g5 Rad8 21. gxf6
gxf6 22. Kh1 Bc6 23. Qh6 Bc7 24. Rxd8 Bxd8 25. Rg1 Bd7 26. Rg6 Bf5 27. Rg5 Bd7
28. Bc3 Bc8 29. h3 Bd7 30. Kh2 Bc8 31. Bd5 Bd7 32. Bxe4 Be6 33. Bxh7 1-0

[Event "52nd World Juniors 2013"]
[Site "Kocaeli TUR"]
[Date "2013.09.19"]
[Round "7.43"]
[White "Cingoz, Ozan"]
[Black "Docena, Jerad"]
[Result "0-1"]
[WhiteElo "1918"]
[BlackElo "2227"]
[WhiteFideId "6333397"]
[BlackFideId "5208173"]
[EventDate "2013.09.13"]

1. e4 c5 2. Nf3 d6 3. d4 cxd4 4. Nxd4 Nf6 5. Nc3 Nc6 6. Bg5 e6 7. Qd2 a6 8.
O-O-O Bd7 9. f4 b5 10. Bxb5 axb5 11. Ndxb5 Nb4 12. a3 Na2+ 13. Nxa2 Bxb5 14. e5
dxe5 15. Qxd8+ Rxd8 16. Rxd8+ Kxd8 17. fxe5 h6 18. Bxf6+ gxf6 19. exf6 Rg8 20.
g3 Rg5 21. Nc3 Bc6 22. Rf1 Rh5 23. Rf2 Bc5 24. Rd2+ Kc7 25. Nd1 Bg1 26. h4 Rf5
27. b4 Rxf6 28. Rd3 Rf3 29. Rxf3 Bxf3 30. Nc3 Bf2 31. Nb5+ Kd7 0-1

[Event "52nd World Juniors 2013"]
[Site "Kocaeli TUR"]
[Date "2013.09.19"]
[Round "7.44"]
[White "Koksal, Ege"]
[Black "Sumer, Gun"]
[Result "0-1"]
[WhiteTitle "CM"]
[WhiteElo "2207"]
[BlackElo "1928"]
[WhiteFideId "6317626"]
[BlackFideId "6311784"]
[EventDate "2013.09.13"]

1. c4 Nf6 2. Nc3 e6 3. e4 d5 4. cxd5 exd5 5. e5 d4 6. exf6 dxc3 7. Bb5+ c6 8.
Qe2+ Be6 9. Bc4 cxd2+ 10. Bxd2 Qxf6 11. Nf3 Nd7 12. O-O Bc5 13. b4 Bb6 14. Bg5
Qf5 15. Rad1 h6 16. Rfe1 Nf8 17. Bh4 g5 18. Bg3 Rd8 19. Bd6 Rg8 20. Nd4 Bxd4 21.
Rxd4 Ng6 22. Qe3 a6 23. Bc7 Rc8 24. Bd6 Rd8 25. Bc7 Rc8 26. Bg3 Kf8 27. Bxe6
Qxe6 28. Qc3 Qf6 29. Qc5+ Kg7 30. Rd6 Qb2 31. Qf5 Rce8 32. Red1 Re7 33. h3 Rge8
34. Kh2 Qxb4 35. R1d4 Qb5 36. Qf6+ Kg8 37. h4 gxh4 38. Bf4 Qh5 39. Rd7 h3 40. g3
Qf3 41. Kxh3 Rxd7 42. Rxd7 Nxf4+ 43. Qxf4 Qh1+ 44. Kg4 Re4 0-1

[Event "52nd World Juniors 2013"]
[Site "Kocaeli TUR"]
[Date "2013.09.19"]
[Round "7.46"]
[White "Yargici, Mazhar Kutay"]
[Black "Kulkarni, Rakesh"]
[Result "0-1"]
[WhiteElo "1970"]
[BlackElo "2283"]
[WhiteFideId "6310400"]
[BlackFideId "5037077"]
[EventDate "2013.09.13"]

1. d4 Nf6 2. c4 e6 3. Nc3 Bb4 4. e3 O-O 5. a3 Bxc3+ 6. bxc3 b6 7. Bd3 Nc6 8. Ne2
Ba6 9. e4 Ne8 10. O-O Na5 11. Ng3 Bxc4 12. f4 Bxd3 13. Qxd3 Nb3 14. Rb1 Nxc1 15.
Rbxc1 d5 16. Rce1 dxe4 17. Nxe4 Nf6 18. Ng3 Qd7 19. f5 Rae8 20. Qd2 exf5 21.
Nxf5 Ne4 22. Qf4 Qc6 23. Qe3 g6 24. Nh6+ Kg7 25. Nxf7 Qd7 26. Qf3 g5 27. Qd1 0-1

[Event "52nd World Juniors 2013"]
[Site "Kocaeli TUR"]
[Date "2013.09.19"]
[Round "7.48"]
[White "Zeydan, Salih"]
[Black "Gundogan, Cem"]
[Result "1/2-1/2"]
[WhiteElo "1968"]
[BlackElo "2072"]
[WhiteFideId "6361722"]
[BlackFideId "6311032"]
[EventDate "2013.09.13"]

1. e4 e6 2. d4 d5 3. Nd2 dxe4 4. Nxe4 Nf6 5. Nxf6+ Qxf6 6. Nf3 h6 7. Bd3 c5 8.
Be3 Nc6 9. O-O cxd4 10. Nxd4 Bd7 11. Bb5 Ne5 12. Bxd7+ Nxd7 13. Qf3 Qxf3 14.
Nxf3 Bc5 15. Bxc5 Nxc5 16. Rad1 Ke7 17. Rfe1 Rhd8 18. Kf1 Rxd1 19. Rxd1 Rd8 20.
Rxd8 Kxd8 21. Ke2 Ke7 22. Ne5 f6 23. Nd3 Nd7 24. Ke3 Kd6 25. c4 g5 26. g3 f5 27.
f4 e5 28. fxe5+ Nxe5 29. Nxe5 Kxe5 30. b4 b6 1/2-1/2

[Event "52nd World Juniors 2013"]
[Site "Kocaeli TUR"]
[Date "2013.09.19"]
[Round "7.50"]
[White "Karaokcu, Erkin"]
[Black "Heinechen, John"]
[Result "1-0"]
[WhiteElo "2014"]
[BlackElo "1901"]
[WhiteFideId "6348459"]
[BlackFideId "3700976"]
[EventDate "2013.09.13"]

1. d4 Nf6 2. c4 c5 3. d5 g6 4. Nc3 Bg7 5. e4 O-O 6. f4 d6 7. Nf3 a6 8. Be2 b5 9.
cxb5 axb5 10. e5 dxe5 11. fxe5 Ng4 12. Bxb5 Nxe5 13. Nxe5 Bxe5 14. Bh6 Qc7 15.
Bxf8 Kxf8 16. Qf3 Ra5 17. O-O Bxh2+ 18. Kh1 f6 19. Rad1 h5 20. Bc4 Bg4 21. d6
Bxd6 22. Qd5 Ke8 23. Qf7+ Kd8 24. Qxf6 Kd7 25. Nd5 Qc6 26. Nxe7 Bxd1 27. Be6+ 1-0

[Event "52nd World Juniors 2013"]
[Site "Kocaeli TUR"]
[Date "2013.09.19"]
[Round "7.51"]
[White "Bornheim, Craig"]
[Black "Sahin, Ozgun"]
[Result "1-0"]
[WhiteTitle "CM"]
[WhiteElo "1973"]
[BlackElo "1857"]
[WhiteFideId "14300370"]
[BlackFideId "6328121"]
[EventDate "2013.09.13"]

1. d4 d5 2. c4 c6 3. Nc3 Nf6 4. Nf3 e6 5. Bg5 h6 6. Bh4 Nbd7 7. e3 Be7 8. Qc2
O-O 9. cxd5 exd5 10. Bd3 Re8 11. O-O Ne4 12. Bg3 Nxg3 13. hxg3 Nf6 14. Rab1 a5
15. Na4 Bd6 16. a3 Bg4 17. Nc5 Qe7 18. Rfe1 Ne4 19. Bxe4 dxe4 20. Nd2 Bf5 21.
Rec1 h5 22. Nf1 g6 23. b4 b5 24. Qc3 a4 25. Rb2 Bg4 26. Rd2 Red8 27. Qc2 Bf5 28.
Rcd1 Bg4 29. Nxe4 Bxd1 30. Rxd1 Rac8 31. Nfd2 Qe6 32. Rc1 Be7 33. Nc3 Kg7 34.
Nf3 Rh8 35. Qe4 Qxe4 36. Nxe4 f6 37. Ne1 1-0

[Event "52nd World Juniors 2013"]
[Site "Kocaeli TUR"]
[Date "2013.09.19"]
[Round "7.52"]
[White "Atay, Sergen"]
[Black "Soysal, Serkan"]
[Result "0-1"]
[WhiteElo "1713"]
[BlackElo "2097"]
[WhiteFideId "6309143"]
[BlackFideId "6349250"]
[EventDate "2013.09.13"]

1. c4 Nf6 2. Nf3 g6 3. b4 Bg7 4. Bb2 O-O 5. d3 d6 6. g3 e5 7. Bg2 Re8 8. e4 h6
9. Nbd2 Be6 10. O-O a5 11. a3 Nc6 12. b5 Ne7 13. Qc2 Qd7 14. Rfe1 Bh3 15. Bh1
Nh5 16. d4 exd4 17. Bxd4 Nc8 18. Bxg7 Nxg7 19. e5 Bf5 20. Qc3 Nb6 21. Nd4 Na4
22. Qe3 dxe5 23. N4b3 c6 24. bxc6 bxc6 25. Qxh6 Bc2 26. Ne4 Bxe4 27. Bxe4 Nf5
28. Qg5 Kg7 29. Rac1 f6 30. Qg4 Qd3 31. Na1 Qxa3 0-1

[Event "52nd World Juniors 2013"]
[Site "Kocaeli TUR"]
[Date "2013.09.19"]
[Round "7.53"]
[White "Ertekin, Oguzhan"]
[Black "Meftahi, Houssem"]
[Result "0-1"]
[WhiteElo "1583"]
[BlackElo "2076"]
[WhiteFideId "6337481"]
[BlackFideId "5501660"]
[EventDate "2013.09.13"]

1. c4 e6 2. Nc3 d5 3. d4 Nf6 4. Bf4 c6 5. c5 Nbd7 6. Nf3 Nh5 7. e3 Nxf4 8. exf4
Be7 9. Bd3 O-O 10. O-O f5 11. Qe2 Nf6 12. Ne5 Qe8 13. b4 Ne4 14. Bxe4 fxe4 15.
Qe3 Bf6 16. f3 Bxe5 17. fxe5 exf3 18. Rxf3 Rxf3 19. Qxf3 a5 20. Na4 axb4 21. Nb6
Ra3 22. Qf4 b3 23. Qc1 Rxa2 24. Rxa2 bxa2 25. Qa3 Qh5 26. Qxa2 Qd1+ 27. Kf2
Qxd4+ 28. Ke1 Qxe5+ 29. Qe2 Qc3+ 30. Kf1 Qxc5 31. Qf2 Qb5+ 32. Ke1 Qb4+ 33. Kf1
Qb1+ 34. Ke2 Qe4+ 35. Kf1 Qd3+ 36. Ke1 Qb1+ 37. Ke2 Qb2+ 38. Kf1 Qa1+ 39. Ke2
Qe5+ 40. Kf1 Qc7 41. Qc5 e5 42. Kg1 Be6 43. Na8 Qd8 44. Qa7 d4 45. Nb6 d3 0-1

[Event "52nd World Juniors 2013"]
[Site "Kocaeli TUR"]
[Date "2013.09.19"]
[Round "7.54"]
[White "Kitir, Ahmet"]
[Black "Kilic, Efe Mert"]
[Result "1/2-1/2"]
[WhiteElo "1866"]
[BlackElo "1843"]
[WhiteFideId "6327737"]
[BlackFideId "6354327"]
[EventDate "2013.09.13"]

1. e4 d5 2. exd5 Nf6 3. d4 Nxd5 4. Nf3 g6 5. c3 Bg7 6. Bd3 O-O 7. O-O Nc6 8. Re1
Re8 9. Bg5 h6 10. Bh4 f5 11. h3 g5 12. Bg3 f4 13. Bh2 e5 14. dxe5 Nxe5 15. Nxe5
Rxe5 16. Rxe5 Bxe5 17. Nd2 Nf6 18. Nc4 Bd6 19. Nxd6 Qxd6 20. Bc4+ Kf8 21. Qxd6+
cxd6 22. Rd1 Ke7 23. Re1+ Kf8 24. g4 d5 25. Bd3 Bd7 26. f3 Re8 27. Kf2 d4 28.
Rxe8+ Kxe8 29. cxd4 Bc6 30. Bg1 Nd5 31. a3 Kd7 32. Ke2 Kd6 33. Kd2 Nf6 34. Be2
a6 35. Bf2 a5 36. b4 axb4 37. axb4 b5 38. d5 Kxd5 39. Bd3 Ke5 40. Ke2 h5 41.
gxh5 Nxh5 42. Bb6 Nf6 43. Bd8 Ke6 44. Bg6 Bd5 45. Bd3 Bc6 46. Kf2 Ke5 47. Bc7+
Ke6 48. Bd8 Ke5 49. Be2 Kf5 50. Ke1 Nd5 51. Bd3+ Ke5 52. Ba5 Kd4 53. Kd2 Ke5 54.
Be2 Nf6 55. Bc7+ Ke6 56. Bd8 Ke5 57. Bc7+ Ke6 58. Bd8 Ke5 59. Bc7+ Ke6 60. Bd8
Ke5 61. Bc7+ 1/2-1/2

[Event "52nd World Juniors 2013"]
[Site "Kocaeli TUR"]
[Date "2013.09.19"]
[Round "7.55"]
[White "Aydin, Hasan Bora"]
[Black "Baasansuren, Erdene"]
[Result "1/2-1/2"]
[BlackTitle "CM"]
[WhiteElo "1848"]
[BlackElo "1844"]
[WhiteFideId "6336612"]
[BlackFideId "4902084"]
[EventDate "2013.09.13"]

1. e4 c5 2. Nf3 e6 3. c3 Nf6 4. e5 Nd5 5. d4 cxd4 6. cxd4 d6 7. a3 Qc7 8. Bd3
Nc6 9. O-O Be7 10. Re1 O-O 11. Nc3 Nxc3 12. bxc3 dxe5 13. dxe5 Rd8 14. Qc2 g6
15. h4 Bd7 16. h5 Be8 17. hxg6 hxg6 18. Re4 Qd7 19. Nd4 Bc5 20. Bg5 Be7 21. Bf6
Bxf6 22. exf6 e5 23. Nxc6 Qxc6 24. Rxe5 Qxf6 25. Rae1 Bc6 26. R1e3 Rd6 27. Be2
Rad8 28. Qb3 Rd5 29. Rxd5 Bxd5 30. Qa4 a6 31. Qa5 Bc6 1/2-1/2

[Event "52nd World Juniors 2013"]
[Site "Kocaeli TUR"]
[Date "2013.09.19"]
[Round "7.56"]
[White "Garcia Herrera, Enrique Ric"]
[Black "Percin, Onder"]
[Result "0-1"]
[WhiteTitle "CM"]
[WhiteElo "1653"]
[BlackElo "1838"]
[WhiteFideId "5115124"]
[BlackFideId "6345190"]
[EventDate "2013.09.13"]

1. Nf3 Nf6 2. c4 g6 3. g3 Bg7 4. Bg2 O-O 5. O-O d6 6. Nc3 Na6 7. d3 c5 8. a3 Bd7
9. Rb1 Rb8 10. b4 b6 11. Qc2 Re8 12. Re1 Qc8 13. Nd2 Bh3 14. Bh1 Bd7 15. b5 Nc7
16. Bb2 e6 17. Nde4 Qd8 18. Nxd6 Rf8 19. Nde4 Nfe8 20. Nd2 f5 21. a4 g5 0-1

[Event "52nd World Juniors 2013"]
[Site "Kocaeli TUR"]
[Date "2013.09.19"]
[Round "7.57"]
[White "Topac, Ahmet Eren"]
[Black "Mesic, Vehid"]
[Result "0-1"]
[WhiteElo "1800"]
[BlackElo "1576"]
[WhiteFideId "6311873"]
[BlackFideId "14404320"]
[EventDate "2013.09.13"]

1. e4 e5 2. Nf3 Nc6 3. Bc4 Nf6 4. d3 Bc5 5. c3 d6 6. O-O O-O 7. Bb3 a6 8. Nbd2
Ba7 9. Re1 Ne7 10. Nf1 Ng6 11. Bg5 h6 12. Be3 Be6 13. Bc2 Nf4 14. d4 Nd7 15. h3
f5 16. Bxf4 fxe4 17. Rxe4 Rxf4 18. Rxf4 exf4 19. Qd3 Nf6 20. Re1 Qd7 21. N1d2
Rf8 22. Nh2 c6 23. a4 Bb8 24. Nhf3 Rf7 25. Nh4 d5 26. Qe2 Re7 27. Bf5 Kf7 28.
Ng6 Bxf5 29. Nxe7 Be4 30. f3 Bc2 31. Nf1 Bh7 32. Nh2 Bd6 33. Nxc6 Qxc6 34. Qe6+
Kf8 35. Ng4 Bg8 36. Qf5 Qd7 37. Qg6 Nxg4 38. hxg4 Bf7 39. Qc2 Kg8 40. Kf2 Be7
41. Ke2 Bh4 42. Rh1 Qe6+ 43. Kd1 Bg6 44. Qe2 Qxe2+ 45. Kxe2 Bg3 46. Kd2 Bf2 47.
Ke2 Be3 48. g3 Bc2 49. gxf4 Bxf4 50. Rh5 Bb3 51. Kd3 g6 52. Rh1 Bxa4 53. c4 Bc6
54. b3 Kf7 55. Ra1 h5 56. Ra5 Bc7 57. Ra1 h4 58. Rh1 g5 59. Rh3 Bf4 60. Ke2 Ke6
61. Kd3 a5 62. c5 Bb5+ 63. Kc3 Bf1 64. Rh1 Bg2 65. Re1+ Kd7 0-1

[Event "52nd World Juniors 2013"]
[Site "Kocaeli TUR"]
[Date "2013.09.19"]
[Round "7.58"]
[White "Uraz, Abdullah Kerim"]
[Black "Abdrashev, Arlen"]
[Result "0-1"]
[WhiteElo "1602"]
[BlackElo "1745"]
[WhiteFideId "2044846"]
[BlackFideId "13710257"]
[EventDate "2013.09.13"]

1. e4 e6 2. d4 d5 3. Nc3 Bb4 4. e5 c5 5. a3 Bxc3+ 6. bxc3 Ne7 7. Nf3 b6 8. a4
Ba6 9. Bb5+ Bxb5 10. axb5 Nd7 11. Ba3 Qc7 12. Nd2 Rc8 13. Ra2 Nf5 14. g4 Ne7 15.
h4 h5 16. Rh3 hxg4 17. Qxg4 Nf5 18. Nf1 cxd4 19. cxd4 Qc4 20. Rb2 Qxd4 21. Qxd4
Nxd4 22. f4 Nxc2+ 23. Kd2 Nxa3 24. Rxa3 Rc7 25. Rh3 Rc4 26. Ra2 Rxf4 27. Rxa7
Rhxh4 0-1

[Event "52nd World Juniors 2013"]
[Site "Kocaeli TUR"]
[Date "2013.09.21"]
[Round "8.2"]
[White "Sethuraman, S.P."]
[Black "Ipatov, Alexander"]
[Result "0-1"]
[WhiteTitle "GM"]
[BlackTitle "GM"]
[WhiteElo "2553"]
[BlackElo "2601"]
[WhiteFideId "5021596"]
[BlackFideId "14116731"]
[EventDate "2013.09.13"]

1. d4 d5 2. c4 e6 3. Nc3 Be7 4. cxd5 exd5 5. Bf4 c6 6. e3 Nf6 7. Bd3 Bg4 8. Nge2
Bh5 9. f3 Bg6 10. e4 O-O 11. e5 Ne8 12. Be3 Qd7 13. h4 Nc7 14. h5 Bxd3 15. Qxd3
f6 16. f4 fxe5 17. dxe5 c5 18. O-O-O d4 19. Ne4 Qe6 20. Bd2 Qxa2 21. f5 Nc6 22.
N2c3 dxc3 23. Bxc3 Rad8 24. Nd6 Bg5+ 25. Kc2 Na6 26. Qe4 c4 27. Nxc4 Qa4+ 28. b3
Qxb3+ 29. Kxb3 Nc5+ 0-1

[Event "52nd World Juniors 2013"]
[Site "Kocaeli TUR"]
[Date "2013.09.21"]
[Round "8.4"]
[White "Salem, A.R. Saleh"]
[Black "Eliseev, Urii"]
[Result "1/2-1/2"]
[WhiteTitle "GM"]
[BlackTitle "IM"]
[WhiteElo "2570"]
[BlackElo "2550"]
[WhiteFideId "9301348"]
[BlackFideId "24131920"]
[EventDate "2013.09.13"]

1. d4 Nf6 2. c4 g6 3. Nc3 d5 4. cxd5 Nxd5 5. e4 Nxc3 6. bxc3 Bg7 7. Qa4+ Nd7 8.
Nf3 c5 9. Be2 O-O 10. O-O Nb6 11. Qa3 cxd4 12. cxd4 Bg4 13. Bg5 Re8 14. Bb5 Bd7
15. Qb3 Bxb5 16. Qxb5 Qd7 17. Rab1 Qe6 18. a4 Qxe4 19. a5 Nd5 20. Qxb7 Nc3 21.
Rfe1 Ne2+ 22. Kf1 Qxb7 23. Rxb7 Nxd4 24. Nxd4 Bxd4 25. Rexe7 Rxe7 26. Bxe7 Rc8
27. Rd7 Rc4 28. Ke2 Ra4 29. Kd3 Be5 30. Rxa7 Kg7 31. Bc5 Bxh2 32. Bd4+ Kh6 33.
g3 f5 34. a6 Bg1 35. Bc5 Ra2 36. Bf8+ Kg5 37. Rxh7 Bxf2 38. Rh4 f4 39. Bh6+ Kf5
40. Rxf4+ Ke6 41. Bg7 Bxg3 42. Rf6+ Kd5 43. Rxg6 Bd6 44. Bc3 Rxa6 1/2-1/2

[Event "52nd World Juniors 2013"]
[Site "Kocaeli TUR"]
[Date "2013.09.21"]
[Round "8.5"]
[White "Debashis, Das"]
[Black "Kovalev, Vladislav"]
[Result "0-1"]
[WhiteTitle "IM"]
[BlackTitle "IM"]
[WhiteElo "2489"]
[BlackElo "2568"]
[WhiteFideId "5024854"]
[BlackFideId "13504398"]
[EventDate "2013.09.13"]

1. d4 Nf6 2. c4 g6 3. Nc3 Bg7 4. Nf3 O-O 5. e4 d6 6. Be2 e5 7. Be3 exd4 8. Nxd4
Re8 9. f3 c6 10. Bf2 d5 11. exd5 cxd5 12. O-O Nc6 13. c5 Nh5 14. Qd2 Be5 15. g3
Ng7 16. Rfd1 Be6 17. Nxe6 Nxe6 18. Qxd5 Bxc3 19. bxc3 Qf6 20. Qd2 Nxc5 21. Bxc5
Qe5 22. Bf2 Qxe2 23. Qxe2 Rxe2 24. f4 Rae8 25. Re1 Kg7 26. Kf1 Rxe1+ 27. Rxe1
Rxe1+ 28. Kxe1 Kf6 29. Ke2 Kf5 30. Kf3 b5 31. Be3 a5 32. Bb6 a4 33. Bf2 Ke6 34.
Ke4 f5+ 35. Kd3 Kd5 36. Be3 Nd8 37. Bf2 Ne6 38. Be3 h5 39. Bf2 h4 40. Be3 h3 41.
Bf2 Ng7 42. Bg1 Nh5 43. Bf2 Nf6 44. Be3 Ne4 45. Bg1 a3 46. Be3 Nxg3 47. Bf2 Ne4
48. Be3 Nd6 0-1

[Event "52nd World Juniors 2013"]
[Site "Kocaeli TUR"]
[Date "2013.09.21"]
[Round "8.8"]
[White "Ter-Sahakyan, Samvel"]
[Black "Laurusas, Tomas"]
[Result "1-0"]
[WhiteTitle "GM"]
[WhiteElo "2575"]
[BlackElo "2398"]
[WhiteFideId "13302531"]
[BlackFideId "12803731"]
[EventDate "2013.09.13"]

1. e4 c5 2. Nf3 e6 3. d4 cxd4 4. Nxd4 a6 5. Bd3 Bc5 6. Nb3 Ba7 7. Qe2 Nc6 8. Nc3
d6 9. Be3 Bxe3 10. Qxe3 Nf6 11. O-O-O e5 12. f3 Be6 13. g4 Rc8 14. h4 O-O 15.
Kb1 Nb4 16. a3 Nxd3 17. Rxd3 Bc4 18. Rd2 Rc6 19. h5 Nd7 20. g5 b6 21. f4 exf4
22. Qxf4 Bxb3 23. cxb3 Nc5 24. Nd5 Ne6 25. Qf5 Kh8 26. Rg1 Nc7 27. h6 g6 28. Qf2
Ne8 29. Qd4+ Kg8 30. Rf2 b5 31. Nf6+ Nxf6 32. Rxf6 Qc7 33. Rxd6 1-0

[Event "52nd World Juniors 2013"]
[Site "Kocaeli TUR"]
[Date "2013.09.21"]
[Round "8.9"]
[White "Baghdasaryan, Vahe"]
[Black "Indjic, Aleksandar"]
[Result "0-1"]
[WhiteTitle "IM"]
[BlackTitle "IM"]
[WhiteElo "2423"]
[BlackElo "2549"]
[WhiteFideId "13303139"]
[BlackFideId "911925"]
[EventDate "2013.09.13"]

1. c4 e5 2. g3 h5 3. Nf3 e4 4. Nd4 d5 5. Bg2 h4 6. cxd5 Qxd5 7. Qa4+ Bd7 8. Nc3
Qe5 9. Ndb5 c6 10. Na3 f5 11. Qb3 b5 12. d4 Qxd4 13. Bd2 h3 14. Bf1 Nf6 15.
O-O-O Qe5 16. Qc2 Na6 17. Bf4 Qe6 18. e3 Nb4 19. Qb1 a6 20. Nc2 c5 21. a3 Nc6
22. Bxb5 axb5 23. Nxb5 Rc8 24. Nc7+ Rxc7 25. Bxc7 Be7 26. Na1 Nd5 27. Bf4 g5 0-1

[Event "52nd World Juniors 2013"]
[Site "Kocaeli TUR"]
[Date "2013.09.21"]
[Round "8.10"]
[White "Duda, Jan-Krzysztof"]
[Black "Sanal, Vahap"]
[Result "1-0"]
[WhiteTitle "IM"]
[BlackTitle "IM"]
[WhiteElo "2534"]
[BlackElo "2419"]
[WhiteFideId "1170546"]
[BlackFideId "6300545"]
[EventDate "2013.09.13"]

1. d4 Nf6 2. c4 e6 3. Nf3 b6 4. a3 Bb7 5. Nc3 d5 6. cxd5 Nxd5 7. Qc2 Be7 8. e4
Nxc3 9. bxc3 c5 10. Bb5+ Bc6 11. a4 O-O 12. O-O cxd4 13. cxd4 Qc8 14. Qe2 Qb7
15. Bd3 Rd8 16. Bf4 Bd6 17. Bxd6 Rxd6 18. d5 exd5 19. exd5 Rxd5 20. Ne5 Rd8 21.
Rad1 Rf8 22. Bc4 Qe7 23. Qh5 Bxa4 24. Bxf7+ Rxf7 25. Nxf7 Nc6 26. Nd6 Ne5 27.
Nf5 Qb7 28. Rd4 Bc6 29. Nh6+ gxh6 30. Qxe5 1-0

[Event "52nd World Juniors 2013"]
[Site "Kocaeli TUR"]
[Date "2013.09.21"]
[Round "8.11"]
[White "Stukopin, Andrey"]
[Black "Georgiadis, Nico"]
[Result "1-0"]
[WhiteTitle "IM"]
[BlackTitle "FM"]
[WhiteElo "2522"]
[BlackElo "2396"]
[WhiteFideId "24107131"]
[BlackFideId "1300113"]
[EventDate "2013.09.13"]

1. Nf3 d5 2. b3 Bg4 3. Bb2 e6 4. Ne5 Bf5 5. d3 Nf6 6. Nd2 Bd6 7. e3 O-O 8. h3
Nfd7 9. Nxd7 Nxd7 10. g4 Bg6 11. h4 f6 12. f4 Qe7 13. a3 d4 14. exd4 Bxf4 15.
Qf3 e5 16. O-O-O c6 17. dxe5 fxe5 18. Qe2 Nf6 19. Kb1 Nd5 20. Bg2 a5 21. Nc4
Rfe8 22. Bxd5+ cxd5 23. Ne3 Qd7 24. Ng2 a4 25. b4 e4 26. d4 Rf8 27. Rdf1 Bd6 28.
Ne3 Bf7 29. c4 dxc4 30. d5 Rae8 31. Qxc4 Be5 32. Bxe5 Rxe5 33. Qd4 Rfe8 34. Rf5
Rxf5 35. gxf5 Qb5 36. Rd1 Qe2 37. Qd2 Bh5 38. Qxe2 Bxe2 39. Rc1 Re7 40. Kb2 Rd7
41. Rc8+ Kf7 42. Kc3 Kf6 43. Kd4 Bd3 44. Re8 Re7 45. Ng4+ Kf7 46. Rxe7+ Kxe7 47.
Nf2 1-0

[Event "52nd World Juniors 2013"]
[Site "Kocaeli TUR"]
[Date "2013.09.21"]
[Round "8.13"]
[White "Petenyi, Tamas"]
[Black "De Filomeno, Simone"]
[Result "1-0"]
[WhiteTitle "IM"]
[BlackTitle "FM"]
[WhiteElo "2468"]
[BlackElo "2392"]
[WhiteFideId "14909090"]
[BlackFideId "828688"]
[EventDate "2013.09.13"]

1. e4 c6 2. d4 d5 3. exd5 cxd5 4. Bd3 Nc6 5. c3 Nf6 6. h3 g6 7. Nf3 Bg7 8. Qc2
Qc7 9. O-O O-O 10. Re1 Nh5 11. Be3 a6 12. Na3 b5 13. Qd2 Bf5 14. Bxf5 gxf5 15.
Bh6 Qd6 16. Bxg7 Nxg7 17. Nc2 f6 18. a4 bxa4 19. Rxa4 a5 20. c4 Rab8 21. Ne3
dxc4 22. d5 Nb4 23. Rxa5 Rfc8 24. Qd4 Qd8 25. Ra7 Rb5 26. Nxf5 Nxf5 27. Qg4+ Kh8
28. Qxf5 Rxd5 29. Qe6 Nc6 30. Ra4 Nd4 31. Nxd4 Rxd4 32. Qxe7 Qxe7 33. Rxe7 Rd1+
34. Kh2 Rd2 35. Raa7 Rxb2 36. Rxh7+ Kg8 37. Rag7+ Kf8 38. Ra7 Kg8 39. Kg3 Rbb8
40. Rag7+ Kf8 41. Rb7 Rxb7 42. Rh8+ Kg7 43. Rxc8 Rb3+ 44. f3 c3 45. h4 Kg6 46.
Rc5 Ra3 47. h5+ Kh6 48. Kh4 Ra2 49. g4 c2 50. Rc7 Ra3 51. Kg3 f5 52. Rc6+ Kg7
53. g5 Ra6 54. Rc7+ 1-0

[Event "52nd World Juniors 2013"]
[Site "Kocaeli TUR"]
[Date "2013.09.21"]
[Round "8.14"]
[White "Fang, Yan"]
[Black "Iermito, Sebastian"]
[Result "1/2-1/2"]
[BlackTitle "IM"]
[WhiteElo "2281"]
[BlackElo "2462"]
[WhiteFideId "8604746"]
[BlackFideId "114286"]
[EventDate "2013.09.13"]

1. e4 c5 2. Nc3 e6 3. f4 d6 4. Nf3 Nf6 5. g3 Nc6 6. Bg2 Be7 7. O-O O-O 8. d3 Rb8
9. h3 b5 10. g4 Nd4 11. Nxd4 cxd4 12. Ne2 e5 13. Ng3 Ne8 14. Qf3 exf4 15. Bxf4
Bf6 16. Nf5 Be5 17. Qf2 Bxf5 18. exf5 Rc8 19. Rae1 Qc7 20. Re2 Nf6 21. Rfe1 b4
22. Bxe5 dxe5 23. Rxe5 Qxc2 24. g5 Nh5 25. Qxd4 Qd2 26. Qe3 Qxb2 27. Bd5 g6 28.
Re7 gxf5 29. h4 Qg7 30. Qe5 Qxe5 31. R7xe5 Nf4 32. Bc4 Rxc4 33. dxc4 Nd3 34. Kf1
Nxe5 35. Rxe5 f6 36. gxf6 Rxf6 37. Rb5 Ra6 38. Rxb4 Rxa2 39. Rb7 Rc2 40. Rxa7
Rxc4 41. h5 Rh4 42. Kg2 Rxh5 43. Kg3 Rh1 44. Ra5 Rg1+ 45. Kf3 Kg7 46. Rxf5 Kg6
47. Kf2 Rg4 48. Rf3 h5 49. Rg3 Kf5 50. Rxg4 hxg4 51. Kg2 Kf4 52. Kf2 g3+ 53. Kg2
Kg4 54. Kg1 Kf3 55. Kf1 Kf4 56. Kg1 Kg4 57. Kg2 Kh4 58. Kg1 Kh3 59. Kh1 g2+ 60.
Kg1 Kg3 1/2-1/2